<?xml version="1.0" encoding="UTF-8"?>
<record
    xmlns:xsi="http://www.w3.org/2001/XMLSchema-instance"
    xsi:schemaLocation="http://www.loc.gov/MARC21/slim http://www.loc.gov/standards/marcxml/schema/MARC21slim.xsd"
    xmlns="http://www.loc.gov/MARC21/slim">

  <leader>02117njm a2200397Ia 4500</leader>
  <controlfield tag="001">72438</controlfield>
  <controlfield tag="003">IT-RoPAU</controlfield>
  <controlfield tag="005">20220918181120.0</controlfield>
  <controlfield tag="008">131025s9999    xx            000 0 und d</controlfield>
  <datafield tag="040" ind1=" " ind2=" ">
    <subfield code="a">IT-RoPAU</subfield>
  </datafield>
  <datafield tag="040" ind1=" " ind2=" ">
    <subfield code="c">IT-RoPAU</subfield>
  </datafield>
  <datafield tag="041" ind1=" " ind2=" ">
    <subfield code="a">POLACCO</subfield>
  </datafield>
  <datafield tag="999" ind1=" " ind2=" ">
    <subfield code="c">99736</subfield>
    <subfield code="d">99736</subfield>
  </datafield>
  <datafield tag="999" ind1=" " ind2=" ">
    <subfield code="b">n.d.</subfield>
  </datafield>
  <datafield tag="100" ind1=" " ind2=" ">
    <subfield code="a">AA.VV.</subfield>
    <subfield code="9">794</subfield>
  </datafield>
  <datafield tag="100" ind1=" " ind2=" ">
    <subfield code="e">Autore musica</subfield>
    <subfield code="9">24472</subfield>
  </datafield>
  <datafield tag="100" ind1=" " ind2=" ">
    <subfield code="g">Codice autore musica SPICS: 12000</subfield>
    <subfield code="9">796</subfield>
  </datafield>
  <datafield tag="245" ind1=" " ind2=" ">
    <subfield code="a">Przeboje (Lp Plp 0018)</subfield>
  </datafield>
  <datafield tag="250" ind1=" " ind2=" ">
    <subfield code="a">1a ed.</subfield>
  </datafield>
  <datafield tag="260" ind1=" " ind2=" ">
    <subfield code="a">POLONIA</subfield>
  </datafield>
  <datafield tag="260" ind1=" " ind2=" ">
    <subfield code="b">PRONIT</subfield>
    <subfield code="c">1985 [1a Ed.:1985 - Ed. Lingua Orig.: 1985]</subfield>
  </datafield>
  <datafield tag="300" ind1=" " ind2=" ">
    <subfield code="a">DISCO</subfield>
  </datafield>
  <datafield tag="500" ind1=" " ind2=" ">
    <subfield code="a">Musica rock. Hit Parade</subfield>
  </datafield>
  <datafield tag="505" ind1=" " ind2=" ">
    <subfield code="a">O! Nie Rob Tyle Halasu (Maanam) - Paranoja Jest Gola (Maanam) - Still In Warsaw (Porter John) - Ida Ludzie Babilonu (Issiael) - Przytul Mnie (Kombi) - Kombirok (Kombi) - Posluszna Jak Automat (Klincz) - Legendarny Dziobak (Krzak) - Zezowaty Kot (Krzak)</subfield>
  </datafield>
  <datafield tag="650" ind1=" " ind2=" ">
    <subfield code="a">ROCK [DISCHI]</subfield>
    <subfield code="e">Codice MATERIA SPICS: 9950</subfield>
    <subfield code="9">1088</subfield>
  </datafield>
  <datafield tag="700" ind1=" " ind2=" ">
    <subfield code="a">Jackowski Marek</subfield>
    <subfield code="d">Codice autore musica SPICS: 25111</subfield>
    <subfield code="e">Autore musica</subfield>
    <subfield code="p">O! Nie Rob Tyle Halasu - Paranoja Jest Gola</subfield>
    <subfield code="9">24473</subfield>
  </datafield>
  <datafield tag="700" ind1=" " ind2=" ">
    <subfield code="a">Jackowska O.</subfield>
    <subfield code="d">Codice autore testo/musica SPICS: 25200</subfield>
    <subfield code="e">Autore testo/musica</subfield>
    <subfield code="p">O! Nie Rob Tyle Halasu - Paranoja Jest Gola</subfield>
    <subfield code="9">24474</subfield>
  </datafield>
  <datafield tag="700" ind1=" " ind2=" ">
    <subfield code="a">Porter John</subfield>
    <subfield code="d">Codice autore testo/musica SPICS: 25112</subfield>
    <subfield code="e">Autore testo/musica</subfield>
    <subfield code="p">Still In Warsaw</subfield>
    <subfield code="9">24475</subfield>
  </datafield>
  <datafield tag="700" ind1=" " ind2=" ">
    <subfield code="a">Warsong</subfield>
    <subfield code="d">Codice autore testo/musica SPICS: 25113</subfield>
    <subfield code="e">Autore testo/musica</subfield>
    <subfield code="p">Ida Ludzie Babilonu</subfield>
    <subfield code="9">24476</subfield>
  </datafield>
  <datafield tag="700" ind1=" " ind2=" ">
    <subfield code="a">Losowski S.</subfield>
    <subfield code="d">Codice autore musica SPICS: 25114</subfield>
    <subfield code="e">Autore musica</subfield>
    <subfield code="p">Przytul Mnie - Kombirok</subfield>
    <subfield code="9">24477</subfield>
  </datafield>
  <datafield tag="700" ind1=" " ind2=" ">
    <subfield code="a">Dutkiewicz M.</subfield>
    <subfield code="d">Codice autore testo/musica SPICS: 25181</subfield>
    <subfield code="e">Autore testo/musica</subfield>
    <subfield code="p">Przytul Mnie</subfield>
    <subfield code="9">24478</subfield>
  </datafield>
  <datafield tag="700" ind1=" " ind2=" ">
    <subfield code="a">Kniat R.</subfield>
    <subfield code="d">Codice autore musica SPICS: 25085</subfield>
    <subfield code="e">Autore musica</subfield>
    <subfield code="p">Posluszna Jak Automat</subfield>
    <subfield code="9">24479</subfield>
  </datafield>
  <datafield tag="700" ind1=" " ind2=" ">
    <subfield code="a">Sobczak A.</subfield>
    <subfield code="d">Codice autore testo/musica SPICS: 25156</subfield>
    <subfield code="e">Autore testo/musica</subfield>
    <subfield code="p">Posluszna Jak Automat</subfield>
    <subfield code="9">24480</subfield>
  </datafield>
  <datafield tag="700" ind1=" " ind2=" ">
    <subfield code="a">Winder L.</subfield>
    <subfield code="d">Codice autore musica SPICS: 25115</subfield>
    <subfield code="e">Autore musica</subfield>
    <subfield code="p">Legendarny Dziobak</subfield>
    <subfield code="9">24481</subfield>
  </datafield>
  <datafield tag="700" ind1=" " ind2=" ">
    <subfield code="a">Kawalek J.</subfield>
    <subfield code="d">Codice autore musica SPICS: 25116</subfield>
    <subfield code="e">Autore musica</subfield>
    <subfield code="p">Zezowaty Kot</subfield>
    <subfield code="9">24482</subfield>
  </datafield>
  <datafield tag="942" ind1=" " ind2=" ">
    <subfield code="c">MD</subfield>
    <subfield code="2">ddc</subfield>
  </datafield>
  <datafield tag="952" ind1=" " ind2=" ">
    <subfield code="0">0</subfield>
    <subfield code="1">0</subfield>
    <subfield code="4">0</subfield>
    <subfield code="6">72438_000000000000000</subfield>
    <subfield code="7">1</subfield>
    <subfield code="a">SPICS</subfield>
    <subfield code="b">SPICS</subfield>
    <subfield code="d">2013-10-25</subfield>
    <subfield code="l">0</subfield>
    <subfield code="o">72438</subfield>
    <subfield code="r">2013-10-25 00:00:00</subfield>
    <subfield code="w">2013-10-25</subfield>
    <subfield code="y">MD</subfield>
    <subfield code="z">Progr. Ins.: 17320 / N.Vol.: 1 / Copie: 1 - Copia rara: n.d. / date import: 01.01.2014 - By Epidotti, Trombetti, Vaglietti</subfield>
  </datafield>
</record>
